Kto strzelił więcej bramek dla danej drużyny - Statystyki

Ogólne statystyki
  • Ten quiz został rozwiązany 73 razy
  • Średni wynik to 9 z 15
Statystyki odpowiedzi
Zagadnienie Odpowiedź % Poprawnych
Inter Mediolan Mauro Icardi
100%
FC Barcelona Neymar
100%
Arsenal Robin van Persie
100%
Paris Saint Germain Zlatan Ibrahimović
100%
Juventus Cristiano Ronaldo
50%
Chelsea FC Diego Costa
50%
AC Milan Filippo Inzaghi
50%
Tottenham Hotspur Jermain Defoe
50%
Bayern Monachium Mario Gómez
50%
Liverpool Michael Owen
50%
Borussia Dortmund Robert Lewandowski
50%
Manchester United Ruud van Nistelrooy
50%
Atletico Madryt Sergio Agüero
50%
Sporting Bas Dost
0%
Real Madryt Gareth Bale
0%
Nie znaleziono quizów pasujących do podanych kryteriów
Rozkład punktacji
Procent ludzi z każdym wynikiem
Percentyl według liczby udzielonych odpowiedzi
Twoja historia wyników
Nie rozwiązałeś tego quizu